|
|
|
|
| LEADER |
00000nab a2200000 a 4500 |
| 001 |
vtls010119259 |
| 003 |
SK-MaSNL |
| 005 |
20260303210344.0 |
| 008 |
140512c20100708xo ||||||||||||00 b|slo |
| 015 |
|
|
|a SNBRB2010/07
|2 snkbucl
|
| 038 |
|
|
|a SNKBUCL
|
| 040 |
|
|
|a SNKBUCL
|b slo
|c SNKBUCL
|e AACR2
|
| 041 |
0 |
|
|a slo
|
| 044 |
|
|
|a xo
|c SK
|
| 080 |
|
|
|a 78.079:784.66
|2 2001
|
| 080 |
|
|
|a 784.66
|2 2001
|
| 100 |
1 |
|
|a Rehák, Oliver,
|d 1973-
|4 ivr
|4 aut
|9 104655
|
| 245 |
1 |
0 |
|a Nedeľa ráno je ešte sobota
|b šéf Pohody Michal Kaščák hovorí o minulosti, súčasnosti aj o budúcnosti festivalu
|c Oliver Rehák
|
| 300 |
|
|
|b Fotogr.
|
| 611 |
2 |
7 |
|a Bažant Pohoda
|n (14. :
|d 2010 :
|c Trenčín, Slovensko)
|2 snkbucl
|9 1241840
|
| 650 |
0 |
7 |
|a hudobné festivaly
|2 snkbucl
|9 2958
|
| 651 |
|
7 |
|a Trenčín (Slovensko)
|2 snkbucl
|9 159956
|
| 655 |
|
7 |
|a rozhovory
|2 snkbucl
|9 31831
|
| 700 |
1 |
|
|a Kaščák, Michal,
|d 1972-
|4 ive
|
| 773 |
0 |
|
|t Sme
|g Roč. 18, č. 155 (8.7.2010)
|x 1335-440X
|
| 773 |
0 |
|
|t Kultúra
|g S. 17
|
| 852 |
|
|
|a SNK
|b KIS3GCP
|
| 856 |
4 |
1 |
|u http://kultura.sme.sk/c/5455546/kascak-nedela-rano-je-pre-nas-sobota.html
|
| 958 |
|
|
|a SK
|
| 999 |
|
|
|c 2199896
|d 2201826
|